000 00789cam a2200229 4500
008 090401t1989 xxu||||| |||| 00| 0 eng d
020 _a0906182433
035 _a(Sirsi) u18090
041 _aeng
050 _a690.24
110 _aBuilding Maintenance Information Ltd
_92307
245 _aHospital occupancy costs .Part 2: statistical analysis
260 _aKingston-Upon-Thame s
_bBuilding Maintenance Information Ltd
_c1989
300 _aii,38p. ; 30cm.
350 _a20
490 _aSerial
_v179
520 _aThis item is part of a subscription service and cannot be photocopied. Neither can any part of it be read out over the phone. Please contact BMI direct on 0171-222-7000 for deatils.
650 _aBMI
650 _aHOSPITALS
942 _n0
948 _c04/03/1997
999 _c87568
_d87568